| 000 | 00409cam a2200157ua 4500 | ||
|---|---|---|---|
| 041 |
_aeng _h |
||
| 082 |
_a508 _bPYC/ST |
||
| 100 | _aPycraft, W P . | ||
| 245 |
_aStandard natural history: From amoeba to man / _cW P Pycraft. _hTextual Documents |
||
| 260 |
_aLondon : _bFrederick Warne & Co Ltd , _c1960. |
||
| 300 | _a942 ; . | ||
| 500 | _a**Reference | ||
| 504 | _a | ||
| 942 | _cBK | ||
| 999 |
_c3792 _d3792 |
||